Score 0/26 Timer 04:00
0 Plays Today
Movie Title Missing Word % Correct
The Sum of _____ FearsAll
97.5%
_____ Only Live TwiceYou
96.8%
The Bourne _____Identity
96.2%
_____ Way OutNo
96.1%
_____ Dark ThirtyZero
94.1%
Enemy of the _____State
93.4%
The _____ ShepherdGood
92.3%
_____ of the NeedleEye
91.8%
True _____Lies
91.6%
The _____ CandidateManchurian
88%
Tinker _____ Soldier SpyTailor
87.6%
A _____ to a KillView
86.5%
The Spy Who Came in From the _____Cold
85.9%
Movie Title Missing Word % Correct
Three _____ of the CondorDays
84.7%
The _____ AmericanQuiet
82%
Safe _____House
80.8%
_____ of SpiesBridge
72.5%
The Day of the _____Jackal
72%
A Most _____ ManWanted
70.5%
The Man from _____U.N.C.L.E.
67.6%
_____: State of the UnionXXX
60.6%
_____: The Secret ServiceKingsman
56.2%
In Like _____Flint
54.4%
The Lives of _____Others
52.8%
The Tailor of _____Panama
42.9%
The _____ HouseRussia
34.8%

Today's Daily Dose

Remove Ads.
Support Sporcle.
Get the best of Sporcle when you Go Orange. This ad-free experience offers more features, more stats, and more fun while also helping to support Sporcle. Thank you for becoming a member.

You're not logged in!

Compare scores with friends on all Sporcle quizzes.
OR
Log In

Show Comments

Extras

Top Quizzes Today


Score Distribution

Your Account Isn't Verified!

In order to create a playlist on Sporcle, you need to verify the email address you used during registration. Go to your Sporcle Settings to finish the process.

Report this User

Report this user for behavior that violates our Community Guidelines.

Details: